000 00475nam a2200181Ia 4500
001 19494
005 20260306172657.0
008 260306t1995||||xx |||||||||||||| ||spa||
041 _aESP
082 _a340.09
_bV18
100 _aValdivia Cano, Ramiro
_eAUT
245 0 _aConflicto de leyes:
_bPanorama del Derecho Internacional Privado en el Perú
260 _c1995
300 _a317 páginas :
_c19 cm.
650 _aGEN
654 _aCDE
942 _cLIB
_dJUS
_fJUS
_2ddc
_n
999 _c19494
_d19494